000 01018nac a22003011i 4500
003 EG-ScBUE
005 20250701093903.0
008 250701s1972 ilua f b 001 0 eng d
020 _a0226237826
040 _aEG-ScBUE
_beng
_erda
_cEG-ScBUE
_dEG-ScBUE
082 0 4 _a539.7
_bFAN
_222
100 1 _aFano, Ugo,
_eauthor.
245 1 0 _aPhysics of atoms and molecules :
_ban introduction to the structure of matter /
_cU. Fano and L. Fano.
264 1 _aChicago :
_bUniversity of Chicago Press,
_c1972.
300 _axiv, 592 pages :
_billustrations ;
_c25 cm
336 _2rdacontent
_atext
_btxt
337 _aunmediated
_2rdamedia
_bn
338 _avolume
_bnc
_2rdacarrier
500 _aIncludes appendix.
504 _aIncludes bibliographical references and index.
650 7 _aMatter
_xConstitution.
_2BUEsh
650 7 _aAtoms.
_2BUEsh
650 7 _aMolecules.
_2BUEsh
650 7 _aQuantum theory.
_2BUEsh
655 _vReading book
700 1 _aFano, L.,
_eauthor.
942 _cBB
_2ddc
999 _c6561
_d6561